000 01452nam a2200385 i 4500
001 121702
003 ES-MaACL
005 20230906191815.0
007 t|
008 070214s1959 sp c |||| | spa d
100 1 _aHenry, O.
_962602
245 1 0 _aObras selectas.
_pNarraciones /
_cO. Henry ; traducción del inglés por J. Romero de Tejada, Juan González de Luaces, Mary Rowe.
250 _a1ª ed.
260 _aBarcelona :
_bPlaneta,
_c1959.
300 _a2 v. :
_bretr. aut. ;
_c17 cm.
505 8 _aContiene: I ;
_tLos cuatro millones ;
_tCorazón del oeste ;
_tEl honrado tramposo ;
_tLos caminos del destino ;
_tReyes y berzas ;
_tOpciones - II ;
_tSeis y siete ;
_tCuentos rodados ;
_tPoemas ;
_tRemolinos ;
_tLa voz de la ciudad ;
_tLa lámpara maravillosa ;
_tAbsolutamente práctico ;
_tDe todo un poco
700 1 _aRomero de Tejada, J.
_999376
700 1 _aLuaces, Juan G. de.
_974483
700 1 _aRowe, Mary.
_9100179
740 4 2 _aLos cuatro millones.
740 0 2 _aCorazón del oeste.
740 3 2 _aEl honrado tramposo.
740 4 2 _aLos caminos del destino.
740 0 2 _aReyes y berzas.
740 0 2 _aOpciones.
740 0 2 _aSeis y siete.
740 0 2 _aCuentos rodados.
740 0 2 _aPoemas.
740 0 2 _aRemolinos.
740 3 2 _aLa voz de la ciudad.
740 3 2 _aLa lámpara maravillosa.
740 0 2 _aAbsolutamente práctico.
740 0 2 _aDe todo un poco.
852 _aES-MaACL
_jE-5144-45
999 _c121702
_d121702